Sudden Death - MLB Cities - Statistics

General Stats
  • This quiz has been taken 41 times
  • The average score is 10 of 16
Answers on the Grid
Answers color-coded by a green-red scale on the quiz's grid according to % correct below.
Atlanta
Austin
Boston
Buffalo
Charlotte
Chicago
Dallas
Denver
Detroit
Green Bay
Houston
Jacksonville
Kansas City
Las Vegas
Memphis
Miami
Milwaukee
Montreal
Nashville
New Orleans
New York
Norfolk
Oakland
Orlando
Phoenix
Portland
Sacramento
San Antonio
Seattle
St. Louis
Tampa
Vancouver
 
Answer Stats
Answer % Correct
Atlanta
86%
Chicago
76%
Detroit
76%
Kansas City
76%
Milwaukee
76%
Boston
72%
New York
72%
Dallas
69%
Houston
62%
Miami
62%
St. Louis
62%
Seattle
59%
Denver
55%
Phoenix
55%
Tampa
45%
Sacramento
24%
No matching quizzes found
Score Distribution
Percent of People with Each Score
Percentile by Number Answered
Your Score History
You have not taken this quiz